Game development essentials / (Record no. 2319)

000 -LEADER
fixed length control field 01323cam a2200349 i 4500
001 - CONTROL NUMBER
control field 16556383
003 - CONTROL NUMBER IDENTIFIER
control field OSt
005 - DATE AND TIME OF LATEST TRANSACTION
control field 20160711095643.0
008 - FIXED-LENGTH DATA ELEMENTS--GENERAL INFORMATION
fixed length control field 101129s2012 nyua b 001 0 eng
010 ## - LIBRARY OF CONGRESS CONTROL NUMBER
LC control number 2010941933
020 ## - INTERNATIONAL STANDARD BOOK NUMBER
International Standard Book Number 9781111307653 (pbk.)
020 ## - INTERNATIONAL STANDARD BOOK NUMBER
International Standard Book Number 1111307652
040 ## - CATALOGING SOURCE
Original cataloging agency DLC
Language of cataloging eng
Transcribing agency DLC
Description conventions rda
Modifying agency DLC
042 ## - AUTHENTICATION CODE
Authentication code pcc
050 00 - LIBRARY OF CONGRESS CALL NUMBER
Classification number QA76.76.C672N69 2012
082 00 - DEWEY DECIMAL CLASSIFICATION NUMBER
Classification number 794.8/1
Edition number 23
100 1# - MAIN ENTRY--PERSONAL NAME
Personal name Novak, Jeannie,
Dates associated with a name 1966-
Relator term author.
245 10 - TITLE STATEMENT
Title Game development essentials /
Statement of responsibility, etc Jeannie Novak.
250 ## - EDITION STATEMENT
Edition statement Third edition.
260 ## - PUBLICATION, DISTRIBUTION, ETC. (IMPRINT)
Date of publication, distribution, etc c2012
300 ## - PHYSICAL DESCRIPTION
Extent xxviii, 483 pages :
Other physical details illustrations (some color) ;
Dimensions 26 cm +
Accompanying material 1 CD-ROM
504 ## - BIBLIOGRAPHY, ETC. NOTE
Bibliography, etc Includes bibliographical references (pages 463-468) and index.
650 #0 - SUBJECT ADDED ENTRY--TOPICAL TERM
Topical term or geographic name as entry element Computer games
General subdivision Design.
650 #0 - SUBJECT ADDED ENTRY--TOPICAL TERM
Topical term or geographic name as entry element Computer games
General subdivision Programming.
650 #0 - SUBJECT ADDED ENTRY--TOPICAL TERM
Topical term or geographic name as entry element Video games
General subdivision Design.
856 42 - ELECTRONIC LOCATION AND ACCESS
Materials specified Contributor biographical information
Uniform Resource Identifier <a href="http://www.loc.gov/catdir/enhancements/fy1307/2010941933-b.html">http://www.loc.gov/catdir/enhancements/fy1307/2010941933-b.html</a>
856 42 - ELECTRONIC LOCATION AND ACCESS
Materials specified Publisher description
Uniform Resource Identifier <a href="http://www.loc.gov/catdir/enhancements/fy1307/2010941933-d.html">http://www.loc.gov/catdir/enhancements/fy1307/2010941933-d.html</a>
856 41 - ELECTRONIC LOCATION AND ACCESS
Materials specified Table of contents only
Uniform Resource Identifier <a href="http://www.loc.gov/catdir/enhancements/fy1307/2010941933-t.html">http://www.loc.gov/catdir/enhancements/fy1307/2010941933-t.html</a>
906 ## - LOCAL DATA ELEMENT F, LDF (RLIN)
a 7
b cbc
c orignew
d 3
e epcn
f 20
g y-gencatlg
942 ## - ADDED ENTRY ELEMENTS (KOHA)
Source of classification or shelving scheme
Koha item type Book
Holdings
Withdrawn status Lost status Source of classification or shelving scheme Damaged status Not for loan Home library Current library Shelving location Date acquired Total Checkouts Full call number Barcode Date last seen Date checked out Copy number Price effective from Koha item type Total Renewals
          Riara University Library Riara University Library General stack 11/07/2016 2 QA76.76.C672N69 2012 7576/16 09/02/2024 25/01/2024 C.1 11/07/2016 Book  
          Riara University Library Riara University Library General stack 11/07/2016 1 QA76.76.C672N69 2012 7577/16 05/02/2018 13/10/2016 C.2 11/07/2016 Book 1

Riara University Library,
P.O. Box 49940-00100,
Nairobi, Kenya.